000 00415nam a2200145 i 4500
001 141428
003 ES-MaACL
007 t|
008 070924s1954 sp ||||1| spa d
100 1 _aViza Caball, Juan Bautista.
_9115608
245 1 0 _aSetenta aƱos de aprendizaje /
_cJuan Bautista Viza Caball.
260 _aBarcelona :
_bBetis,
_c1954.
300 _a469 p. ;
_c20 cm.
852 _aES-MaACL
_jC-7014
_bR.36897
999 _c141428
_d141428